=LDR 00000nam 2200000 4500 =001 INLIS000000000021530 =005 20130612120402 =008 ***********************************Ind** =035 ##$$0010-061300000021530 =041 ##$$a Ind =082 ##$$a 370.114 =090 ##$$a 370.114, Wid p =100 ##$$a Widjaj, A.W =245 ##$$a Pedoman pelaksanaan pendidikan pancasila pada perguruan tinggi, Prof Drs. H.A.W Widjaja =260 ##$$a 1996 $b Jakarta =300 ##$$a xii, 274 hlm, 21 cm =650 ##$$a Pendidikan =850 ##$$a NBPNMAT =990 ##$$a 0001/BPAP-NTB/2015